Qualified Manpower (Record no. 18712)

MARC details
000 -LEADER
fixed length control field 00580nam a2200229 a 4500
020 ## - INTERNATIONAL STANDARD BOOK NUMBER
ISBN
082 00 - DEWEY DECIMAL CLASSIFICATION NUMBER
Classification number 025
Author Cutter QUA
100 ## - MAIN ENTRY--AUTHOR NAME
Author name Quali, Fied
245 ## - TITLE STATEMENT
Title Qualified Manpower
Sub title Specialists in Islamic Studies in Jthe World
260 ## - PUBLICATION, DISTRIBUTION, ETC. (IMPRINT)
Place of publication Rabat
Name of publisher Isesco
Year of publication 1991
300 ## - PHYSICAL DESCRIPTION
Number of Pages 408p
500 ## - GENERAL NOTE
General note includes index and biblioraphy
650 ## - SUBJECT ADDED ENTRY--TOPICAL TERM
Topical Term Directory-Islamic Specialists
942 ## - ADDED ENTRY ELEMENTS (KOHA)
Koha item type Books
700 1# -
-- Quali, Fied
Holdings
Collection code Home library Current library Date acquired Cost, normal purchase price Full call number Accession Number Koha item type
  Henry Martyn Institute Library Henry Martyn Institute Library 04/05/2007 50.00 025 QUA 11001083 Books
                   Copyright © 2026 | Henry Martyn Institute | Hyderabad | TS-500052 | INDIA | Implemented by hmi.edu.in
Hit-Count:

Powered by Koha